Préfectures de France : Saint-Lô - Statistiques

Statistiques générales
  • Ce quiz a été pris 23 fois
  • Le résultat moyen est 10 sur 25
Statistiques - réponses
Question Réponse % Correct
Quel numéro porte celui-ci ? 50
100%
De quel département est-ce la préfecture ? Manche
100%
La ville appartient à l'académie de/d' Normandie
95%
A quelle région administrative appartient la ville depuis 2015 ? Normandie
95%
Quelles sont les sous-préfectures qui en dépendent ? Cherbourg
89%
Quelles sont les sous-préfectures qui en dépendent ? Avranches
74%
Comment se nomment ses habitants ? Saint-Lois
74%
Quelles sont les sous-préfectures qui en dépendent ? Coutances
68%
Quelle est la couleur principale du fond du blason ? Rouge
63%
Quel animal mythique figure sur le blason ? Licorne
47%
Quelles fleurs figurent sur le blason ? Lys
47%
Détruit à 97 % en 1944, Saint-Lô reçoit le surnom de Capitale des ruines
37%
Le nom romain de la ville signe Pont sur la Vire
32%
Les évêques de Coutances portaient le titre de *** de Saint-Lô baron
16%
Lô peut aussi être écrit Laud
16%
En 1351, Saint-Lô est autorisé à battre monnaie
16%
Les communes limitrophes dont le nom commence par saint sont Saint-Georges-Montcocq
16%
Les communes limitrophes dont le nom commence par saint sont Saint-Gilles
11%
A partir du Moyen-âge, Saint-Lô est aussi un important centre de production textile, on compte plus de 2000 *** au XVIe siècle tisserands
11%
La ville appartient au diocèse de/d' {Coutances} & {Avranches}
5%
Le peuple gaulois qui occupait la région est celui des Unelles
5%
Le nom romain de la ville est Briovera
0%
En 1636 se déroule dans la région la révolte des Nu-pieds
0%
Au moyen-âge, St Lô est réputé pour la qualité de son orfèvrerie
0%
Les communes limitrophes dont le nom commence par saint sont Saint-André-de-l'Épine
0%
Aucun quiz correspondant
Distribution des résultats
% des personnes avec chaque résultat
Percentile par nombre de réponses
Votre historique - résultats
Vous n’avez pas pris ce quiz